Chiang Mai International Airport Destination (Chiang Mai,Thailand) - Statistics

General Stats
  • This quiz has been taken 13 times
  • The average score is 14 of 25
Answer Stats
Airlines Destinations % Correct
Nok Air/Thai AirAsia/Thai Lion Air Bangkok (Don Mueang)
100%
Bangkok Airways/Thai AisAsia/Thai Airways International/Thai VietJet Air Bangkok (Suvarnabhumi)
100%
Air China Beijing (Capital)
100%
Eastar Jet/Jeju Air/Korean Air Seoul (Incheon)
100%
Malaysia Airlines Kuala Lumpur
92%
Bangkok Airways/Thai AirAsia Phuket
92%
Etihad Airway Abu Dhabi
85%
HK Express Hongkong
85%
Cebu Pacific Manila
85%
China Southern Airlines Shenzhen
85%
Scoot Singapore
85%
Thai AirAsia Hanoi
77%
China Airlines/EVA Air/Thai AirAsia Taipei (Taoyuan)
77%
Laos Airlines Luang Prabang
46%
Spring Air Xi’an
46%
Eastar Jet Busan
38%
Thai VietJet Air Osaka (Kansai)
31%
Nok Air/Thai AirAsia Udon Thani
31%
Thai AirAsia Hat Yai
23%
Bangkok Airways Koh Samui
23%
Thai AirAsia Khon Kaen
15%
Thai AirAsia Surat Thani
15%
Thai AirAsia Sapporo (Chitose)
8%
Thai AirAsia Hua Hin
0%
Ruili Airlines Xishuangbanna
0%
No matching quizzes found
Score Distribution
Percent of People with Each Score
Percentile by Number Answered
Your Score History
You have not taken this quiz